000 01769cam a2200373 a 4500
001 3941711
003 OSt
005 20160323144837.0
008 930325s1993 enka b 001 0 eng
010 _a 93015540
020 _a041508850X (pbk.)
040 _aDLC
_cDLC
_dDLC
043 _afb-----
050 0 0 _aS494.5.I5
_bN65 1993
082 0 0 _a060.096
_220
_bMON 1993
245 0 0 _aNon-governmental organizations and the state in Africa :
_brethinking roles in sustainable agricultural development /
_cedited by Kate Wellard and James G. Copestake.
260 _aLondon ;
_aNew York :
_bRoutledge,
_c1993.
300 _axxx, 331 p. :
_bill.;
_c23 cm.
440 0 _aNon-governmental organizations series
_97344
500 _a"Simultaneously published in the USA and Canada"--T.p. verso.
504 _aIncludes bibliographical references (p. 304-315) and index.
650 0 _aAgriculture
_xTechnology transfer
_zAfrica, Sub-Saharan.
_97345
650 0 _aAgriculture
_xResearch
_zAfrica, Sub-Saharan.
_97346
650 0 _aAgricultural extension work
_zAfrica, Sub-Saharan.
_97347
650 0 _aSustainable agriculture
_zAfrica, Sub-Saharan.
_97348
650 0 _aAgriculture and state
_zAfrica, Sub-Saharan.
_97349
650 0 _aNon-governmental organizations
_xAfrica, Sub-Saharan.
_97350
700 1 _aWellard, Kate,
_d1963-
_97351
700 1 _aCopestake, James G.,
_d1960-
_97352
856 4 2 _3Publisher description
_uhttp://www.loc.gov/catdir/enhancements/fy0648/93015540-d.html
906 _a7
_bcbc
_corignew
_d1
_eocip
_f19
_gy-gencatlg
942 _2ddc
_cSLOAN
999 _c3262
_d3262